| 000 | 00855nam a2200253 a 4500 | ||
|---|---|---|---|
| 001 | BRCA_805 | ||
| 005 | 20190320203146.0 | ||
| 008 | 070508s1985----sp-a---###---#000-0#spa-# | ||
| 020 | _a8434581930 | ||
| 041 |
_aspa _hger |
||
| 050 | 4 |
_aF1211.H9 _b.M49 1985 |
|
| 100 | 1 |
_aMeyer-Abich, Adolf _d1893-1971 _92675 |
|
| 245 | 1 | 0 |
_aHumboldt _cAdolfo Meyer-Abich ; prólogo Juan Vila Valenti ; traducción Rosa Pilar Blanco. |
| 260 |
_aBarcelona _bSalvat _cc1985 |
||
| 300 |
_a189 p. _bil. blanco y negro _c20 cm. |
||
| 440 | 0 |
_aBiblioteca Salvat grandes biografías _v48 _92676 |
|
| 500 | _aTraducción de : Alexander von Humboldt | ||
| 504 | _aBibliografía: p. 189 | ||
| 600 | 1 | 4 |
_aHumboldt, Alexander N. Freiherr von _d1769-1859 _9550 |
| 650 | 1 | 4 |
_aViajeros _92677 |
| 700 | 1 |
_aVila Valenti, Juan _92678 |
|
| 700 | 1 |
_aPilar Blanco, Rosa _92679 |
|
| 942 |
_2lcc _cB |
||
| 999 |
_c700 _d700 |
||